[Event "Steyr Landesliga 2122"]
[Site "Austria"]
[Date "2021.11.13"]
[Round "2.5"]
[White "Kapus, Florian"]
[Black "Mussnig, Manfred"]
[Result "0-1"]
[WhiteElo "1931"]
[BlackElo "2171"]
[PlyCount "108"]
[EventDate "2021.10.16"]
[EventType "team-tourn"]
[EventRounds "11"]
[EventCountry "AUT"]
[SourceTitle "EXT 2023"]
[Source "ChessBase"]
[SourceDate "2022.10.05"]
[SourceVersion "1"]
[SourceVersionDate "2022.10.05"]
[SourceQuality "1"]
[WhiteTeam "Gratwein Strassengel"]
[BlackTeam "Leoben"]
[WhiteTeamCountry "AUT"]
[BlackTeamCountry "AUT"]

1. d4 d5 2. Nf3 Nf6 3. c4 c6 4. Nc3 dxc4 5. a4 Bf5 6. Ne5 Nbd7 7. Nxc4 Qc7 8. g3 e5 9. dxe5 Nxe5 10. Bf4 Nfd7 11. Bg2 g5 12. Bxe5 Nxe5 13. Qd4 f6 14. 0-0-0 Be7 15. Nd6+ Bxd6 16. Qxd6 Qxd6 17. Rxd6 Ke7 18. Rd2 Rad8 19. Rhd1 Rxd2 20. Rxd2 Rd8 21. Rxd8 Kxd8 22. h3 Ke7 23. Ne4 Nc4 24. b3 Nd6 25. Nxd6 Kxd6 26. Kd2 a5 27. Kc3 Kc5 28. f4 h6 29. h4 gxh4 30. gxh4 Bg4 31. e3 Bd1 32. Bh3 Bf3 33. Bd7 b5 34. axb5 cxb5 35. Be8 Bd5 36. Bd7 Bf7 37. Bf5 b4+ 38. Kc2 Be8 39. Be6 Bb5 40. Bf7 Kd6 41. Kd2 f5 42. Bg6 Bd7 43. e4 fxe4 44. Bxe4 a4 45. bxa4 Bxa4 46. Kd3 Kc5 47. Bg6 Bb5+ 48. Kc2 Bc4 49. f5 Kd6 50. Kd2 Ke5 51. Ke3 Kf6 52. Kd4 Ba2 53. Bh7 Bf7 54. Kd3 Kg7 0-1

[Event "Steyr Landesliga 1920"]
[Site "Austria"]
[Date "2019.10.05"]
[Round "2.5"]
[White "Mussnig, Manfred"]
[Black "Kainz, Josef"]
[Result "1-0"]
[WhiteElo "2169"]
[BlackElo "1922"]
[PlyCount "81"]
[EventDate "2019.09.28"]
[EventType "team-tourn"]
[EventRounds "11"]
[EventCountry "AUT"]
[SourceTitle "CBM 193 Extra"]
[Source "ChessBase"]
[SourceDate "2020.01.31"]
[SourceVersion "1"]
[SourceVersionDate "2020.01.31"]
[SourceQuality "1"]
[WhiteTeam "Leoben"]
[BlackTeam "Gratwein Strassengel"]
[WhiteTeamCountry "AUT"]
[BlackTeamCountry "AUT"]

1. c4 g6 2. g3 Bg7 3. Bg2 c5 4. Nc3 Nc6 5. Nh3 e6 6. Nf4 Nge7 7. 0-0 d6 8. a3 0-0 9. Rb1 a5 10. e3 Rb8 11. b3 b6 12. Bb2 Bb7 13. d3 Nf5 14. Nb5 Bxb2 15. Rxb2 Nce7 16. d4 Bxg2 17. Kxg2 cxd4 18. exd4 d5 19. a4 Rc8 20. Rc2 Qd7 21. c5 bxc5 22. dxc5 e5 23. Nd3 e4 24. Nf4 Rfd8 25. Re1 Nc6 26. Rd2 Nb4 27. Rxe4 Rxc5 28. Re5 f6 29. Re1 d4 30. Ne6 Rdc8 31. Nxc5 Rxc5 32. Nxd4 Rd5 33. Nf3 Nd3 34. Re4 g5 35. h3 h5 36. Qe2 Kf7 37. Rc2 h4 38. Rec4 Kg6 39. Qe4 hxg3 40. Rc7 Re5 41. Nxe5+ 1-0

[Event "Steyr Landesliga 1920"]
[Site "Austria"]
[Date "2019.09.28"]
[Round "1.4"]
[White "Mussnig, Manfred"]
[Black "Stagl, Marco"]
[Result "0-1"]
[WhiteElo "2169"]
[BlackElo "2151"]
[PlyCount "92"]
[EventDate "2019.09.28"]
[EventType "team-tourn"]
[EventRounds "11"]
[EventCountry "AUT"]
[SourceTitle "CBM 193 Extra"]
[Source "ChessBase"]
[SourceDate "2020.01.31"]
[SourceVersion "1"]
[SourceVersionDate "2020.01.31"]
[SourceQuality "1"]
[WhiteTeam "Leoben"]
[BlackTeam "Gamlitz"]
[WhiteTeamCountry "AUT"]
[BlackTeamCountry "AUT"]

1. c4 f5 2. g3 Nf6 3. Bg2 g6 4. Nc3 Bg7 5. Nf3 0-0 6. 0-0 d6 7. d4 Qe8 8. e3 c6 9. b3 h6 10. Bb2 e5 11. d5 e4 12. Ne1 c5 13. Rb1 a6 14. f3 exf3 15. Qxf3 b5 16. Nd3 b4 17. Nd1 g5 18. N1f2 Ra7 19. e4 Re7 20. exf5 Re3 21. Rbe1 Rxf3 22. Rxe8 Rxe8 23. Bxf3 Bxf5 24. Re1 Rxe1+ 25. Nxe1 Nbd7 26. Ned3 a5 27. Kf1 Nb6 28. g4 Bg6 29. Ke2 a4 30. Ke3 a3 31. Bxf6 Bxf6 32. Kd2 Nxc4+ 33. Kc1 Nb2 34. Ne1 Bc3 35. Ng2 Nd3+ 36. Nxd3 Bxd3 37. Ne3 Be5 38. Kd2 Bb1 39. Bd1 Bxh2 40. Nf5 Bf4+ 41. Ke2 Kh7 42. Kf3 h5 43. Ng3 Bxg3 44. Kxg3 h4+ 45. Kf3 Kg6 46. Ke3 Kf6 0-1

[Event "Steyr Landesliga 1819"]
[Site "Austria"]
[Date "2019.04.06"]
[Round "11.3"]
[White "Schloffer, Jasmin Denise"]
[Black "Mussnig, Manfred"]
[Result "1-0"]
[WhiteElo "2116"]
[BlackElo "2187"]
[PlyCount "145"]
[EventDate "2018.10.06"]
[EventType "team-tourn"]
[EventRounds "11"]
[EventCountry "AUT"]
[SourceTitle "EXT 2021"]
[Source "ChessBase"]
[SourceDate "2020.10.23"]
[SourceVersion "1"]
[SourceVersionDate "2020.10.23"]
[SourceQuality "1"]
[WhiteTeam "Feldbach Kirchberg"]
[BlackTeam "Leoben"]
[WhiteTeamCountry "AUT"]
[BlackTeamCountry "AUT"]

1. d4 d5 2. c4 c6 3. cxd5 cxd5 4. Nc3 Nc6 5. Bf4 Nf6 6. Nf3 a6 7. Rc1 e6 8. e3 Bd6 9. Bxd6 Qxd6 10. Bd3 0-0 11. 0-0 Rd8 12. Bb1 e5 13. dxe5 Nxe5 14. Nxe5 Qxe5 15. Qf3 Bg4 16. Qg3 Qxg3 17. hxg3 d4 18. exd4 Rxd4 19. f3 Be6 20. Rfd1 Rad8 21. Kf2 Kf8 22. Rxd4 Rxd4 23. Rd1 Rxd1 24. Nxd1 Ke7 25. Nc3 Kd6 26. a3 Bb3 27. Ke3 Kc5 28. Bf5 b5 29. Bd3 h6 30. g4 Nd5+ 31. Nxd5 Kxd5 32. g3 Kc5 33. Be2 a5 34. Bd3 b4 35. axb4+ Kxb4 36. Kd2 Bd5 37. Be2 Kb3 38. Kc1 f6 39. Kb1 Bf7 40. f4 Bc4 41. Bf3 Bd3+ 42. Kc1 Kc4 43. Kd2 Kd4 44. Bc6 Be4 45. Bd7 Bf3 46. Bf5 Be4 47. Bd7 g5 48. fxg5 fxg5 49. Bc8 Bd5 50. Bf5 Bc6 51. Ke2 Bb5+ 52. Kd2 Bc4 53. Bc2 Bf1 54. Bf5 Bh3 55. Ke2 Bg2 56. Kd2 Bf1 57. Bc8 Bh3 58. Ke2 Kc4 59. Be6+ Kd4 60. Bf5 h5 61. Kf3 hxg4+ 62. Bxg4 Bf1 63. Bd7 Ke5 64. Kg4 Kf6 65. Kh5 Bd3 66. Kh6 Bg6 67. Ba4 Bd3 68. Bd7 Be2 69. Bc8 Bf3 70. Bd7 Bd1 71. Bc8 Bc2 72. Bd7 Be4 73. Ba4 1-0

[Event "Steyr Landesliga 1415"]
[Site "Austria"]
[Date "2015.03.07"]
[Round "8.6"]
[White "Mussnig, Manfred"]
[Black "Gutmann, Alois"]
[Result "1/2-1/2"]
[WhiteElo "2162"]
[BlackElo "2044"]
[PlyCount "102"]
[EventDate "2014.09.27"]
[EventType "team-tourn"]
[EventRounds "11"]
[EventCountry "AUT"]
[SourceTitle "EXT 2016"]
[Source "ChessBase"]
[SourceDate "2015.10.08"]
[SourceVersion "1"]
[SourceVersionDate "2015.10.08"]
[SourceQuality "1"]
[WhiteTeam "Leoben"]
[BlackTeam "Feldbach Kirchberg"]
[WhiteTeamCountry "AUT"]
[BlackTeamCountry "AUT"]

1. c4 b6 2. Nc3 Bb7 3. e4 e5 4. g3 Nc6 5. Bg2 Nd4 6. Nge2 Nf6 7. d3 Nxe2 8. Qxe2 Bc5 9. a3 a5 10. Rb1 a4 11. 0-0 0-0 12. Bg5 h6 13. Be3 Re8 14. Rfe1 Bc6 15. f3 Qe7 16. Bf1 Rab8 17. Qf2 Bxe3 18. Qxe3 Qc5 19. Kf2 Rb7 20. Red1 d6 21. d4 exd4 22. Qxd4 Qh5 23. Kg2 Bd7 24. Be2 Ra7 25. Qf2 Ra5 26. Rd2 Rae5 27. Kg1 Qh3 28. Rbd1 h5 29. Bf1 Qe6 30. Nd5 Nxd5 31. cxd5 Qg6 32. Bd3 f5 33. Rc1 fxe4 34. fxe4 Bg4 35. Rxc7 Rf8 36. Qe1 h4 37. Rf2 Rf3 38. Rxf3 Bxf3 39. Qf2 Qg4 40. h3 Qxg3+ 41. Qxg3 hxg3 42. Rc6 Rh5 43. Bf1 Bxe4 44. Bg2 Bxd5 45. Rxb6 Re5 46. Bxd5+ Rxd5 47. Rb4 Rd2 48. Rxa4 Rxb2 49. Rd4 Ra2 50. a4 Kf7 51. Rxd6 Rxa4 1/2-1/2

[Event "Steyr Landesliga 1415"]
[Site "Austria"]
[Date "2014.10.11"]
[Round "2.5"]
[White "Kiss, Balint"]
[Black "Mussnig, Manfred"]
[Result "1/2-1/2"]
[WhiteElo "1985"]
[BlackElo "2162"]
[PlyCount "70"]
[EventDate "2014.09.27"]
[EventType "team-tourn"]
[EventRounds "11"]
[EventCountry "AUT"]
[SourceTitle "EXT 2016"]
[Source "ChessBase"]
[SourceDate "2015.10.08"]
[SourceVersion "1"]
[SourceVersionDate "2015.10.08"]
[SourceQuality "1"]
[WhiteTeam "Fuerstenfeld/Hartberg"]
[BlackTeam "Leoben"]
[WhiteTeamCountry "AUT"]
[BlackTeamCountry "AUT"]

1. e4 c5 2. Nf3 Nc6 3. d4 cxd4 4. Nxd4 Nf6 5. Nc3 e5 6. Ndb5 d6 7. Bg5 a6 8. Na3 b5 9. Nd5 Be7 10. Bxf6 Bxf6 11. c3 Bg5 12. Be2 0-0 13. 0-0 Kh8 14. Bf3 Ne7 15. Nxe7 Qxe7 16. Nc2 g6 17. Re1 Bb7 18. Nb4 Rad8 19. a4 Qd7 20. axb5 axb5 21. Qd3 Ra8 22. Nd5 Bxd5 23. Qxd5 Rxa1 24. Rxa1 Kg7 25. Rd1 Rb8 26. g3 b4 27. h4 Be7 28. Qxe5+ dxe5 29. Rxd7 bxc3 30. bxc3 Kf6 31. Rd2 Rb1+ 32. Bd1 Rc1 33. Rd3 Ba3 34. Kg2 Bb2 35. Bb3 Rxc3 1/2-1/2

[Event "Steyr Landesliga 1314"]
[Site "Austria"]
[Date "2013.09.28"]
[Round "1.4"]
[White "Mussnig, Manfred"]
[Black "Kormann, Werner"]
[Result "1/2-1/2"]
[WhiteElo "2160"]
[BlackElo "2168"]
[PlyCount "23"]
[EventDate "2013.09.28"]
[EventType "team-tourn"]
[EventRounds "11"]
[EventCountry "AUT"]
[SourceTitle "EXT 2015"]
[Source "ChessBase"]
[SourceDate "2014.11.20"]
[SourceVersion "1"]
[SourceVersionDate "2014.11.20"]
[SourceQuality "1"]
[WhiteTeam "Leoben"]
[BlackTeam "Trofaiach Niklasdorf"]
[WhiteTeamCountry "AUT"]
[BlackTeamCountry "AUT"]

1. c4 c6 2. Nf3 d5 3. e3 Nf6 4. b3 g6 5. Bb2 Bg7 6. Be2 0-0 7. 0-0 Bg4 8. h3 Bf5 9. Nc3 Ne4 10. d4 Nd7 11. cxd5 Nxc3 12. Bxc3 1/2-1/2

[Event "Steyr Landesliga 1213"]
[Site "Austria"]
[Date "2013.05.04"]
[Round "11.3"]
[White "Schieder, Andreas"]
[Black "Mussnig, Manfred"]
[Result "1/2-1/2"]
[WhiteElo "2129"]
[BlackElo "2152"]
[PlyCount "114"]
[EventDate "2012.09.22"]
[EventType "team-tourn"]
[EventRounds "11"]
[EventCountry "AUT"]
[SourceTitle "EXT 2014"]
[Source "ChessBase"]
[SourceDate "2013.11.20"]
[SourceVersion "1"]
[SourceVersionDate "2013.11.20"]
[SourceQuality "1"]
[WhiteTeam "Pinggau Friedberg"]
[BlackTeam "Leoben"]
[WhiteTeamCountry "AUT"]
[BlackTeamCountry "AUT"]

1. d4 d5 2. Bg5 f6 3. Bf4 c5 4. Bxb8 Rxb8 5. dxc5 e6 6. e4 Bxc5 7. Bb5+ Bd7 8. Bxd7+ Qxd7 9. exd5 Qxd5 10. Qxd5 exd5 11. Nd2 Kf7 12. Ne2 Ne7 13. Nb3 Bb6 14. 0-0 Rhe8 15. Rad1 Rbd8 16. c3 g5 17. Rd2 a6 18. Rfd1 Nf5 19. Kf1 Ke6 20. a4 Rd6 21. g4 Ne7 22. c4 Rc8 23. cxd5+ Rxd5 24. Nc3 Rxd2 25. Re1+ Kf7 26. Nxd2 Rd8 27. Nde4 Rd4 28. Kg2 Ng6 29. Rd1 Nf4+ 30. Kf3 Ke6 31. h4 h6 32. a5 Rxd1 33. Nxd1 Bxa5 34. Ne3 Nd3 35. h5 Bb4 36. Nf5 Bf8 37. b3 b6 38. Ke3 Nc5 39. Nd4+ Kf7 40. Ng3 Ne6 41. Ndf5 a5 42. Ne4 Nc5 43. Nxc5 Bxc5+ 44. Kd3 b5 45. Nxh6+ Ke6 46. Nf5 Bf8 47. Nd4+ Ke5 48. f3 a4 49. bxa4 bxa4 50. Nf5 a3 51. Kc2 Kf4 52. h6 Bxh6 53. Nxh6 Kxf3 54. Kb3 Kf4 55. Kxa3 f5 56. gxf5 Ke5 57. Kb2 g4 1/2-1/2

[Event "Steyr Landesliga 1112"]
[Site "Austria"]
[Date "2012.01.21"]
[Round "7.5"]
[White "Mussnig, Manfred"]
[Black "Poeltl, Thomas"]
[Result "1/2-1/2"]
[WhiteElo "2147"]
[BlackElo "2181"]
[PlyCount "26"]
[EventDate "2011.09.24"]
[EventType "team-tourn"]
[EventRounds "11"]
[EventCountry "AUT"]
[SourceTitle "EXT 2013"]
[Source "ChessBase"]
[SourceDate "2012.11.22"]
[SourceVersion "1"]
[SourceVersionDate "2012.11.22"]
[SourceQuality "1"]
[WhiteTeam "Leoben"]
[BlackTeam "Gleisdorf"]
[WhiteTeamCountry "AUT"]
[BlackTeamCountry "AUT"]

1. c4 Nf6 2. g3 d5 3. cxd5 Nxd5 4. Bg2 c5 5. Nf3 Nc6 6. 0-0 e5 7. Nc3 Be6 8. Qa4 f6 9. d3 Be7 10. Nxd5 Bxd5 11. Be3 0-0 12. Rac1 b6 13. Nd2 Bxg2 1/2-1/2

[Event "Steyr Landesliga 1112"]
[Site "Austria"]
[Date "2011.11.12"]
[Round "5.5"]
[White "Schnabel, Josef"]
[Black "Mussnig, Manfred"]
[Result "0-1"]
[WhiteElo "2027"]
[BlackElo "2147"]
[PlyCount "136"]
[EventDate "2011.09.24"]
[EventType "team-tourn"]
[EventRounds "11"]
[EventCountry "AUT"]
[SourceTitle "EXT 2013"]
[Source "ChessBase"]
[SourceDate "2012.11.22"]
[SourceVersion "1"]
[SourceVersionDate "2012.11.22"]
[SourceQuality "1"]
[WhiteTeam "Frauental"]
[BlackTeam "Leoben"]
[WhiteTeamCountry "AUT"]
[BlackTeamCountry "AUT"]

1. d4 d5 2. c4 c6 3. Nc3 Nf6 4. Nf3 dxc4 5. a4 Bf5 6. e3 e6 7. Bxc4 Bb4 8. 0-0 Nbd7 9. Bd2 0-0 10. Re1 Bg6 11. Ne2 Bd6 12. Ng3 Re8 13. a5 Ne4 14. Bc3 Ndf6 15. Nxe4 Nxe4 16. Bd3 Qc7 17. Qc2 Nxc3 18. Bxg6 hxg6 19. bxc3 e5 20. g3 exd4 21. Nxd4 a6 22. Reb1 Rab8 23. Ra4 Re5 24. Qa2 Rh5 25. f4 Re8 26. Re1 Rc5 27. c4 Rh5 28. Qd2 Rd8 29. Qc3 Be7 30. Ra2 Bf6 31. c5 Qe7 32. Rc2 Rdd5 33. Qb4 Rxc5 34. Rb2 Qe4 35. Rd2 Rcd5 36. Ree2 Rxa5 37. Rd1 Rab5 38. Qe1 Rbd5 39. h4 c5 40. Nb3 Rxd1 41. Qxd1 Qf3 42. Qe1 c4 43. Nd2 Qc6 44. e4 Bd4+ 45. Kh2 Rb5 46. Nf3 Bf6 47. Rc2 Rb3 48. Qe2 b5 49. Nd2 Rb2 50. Rxb2 Bxb2 51. e5 c3 52. h5 cxd2 53. Qxd2 Ba3 54. Qd3 Be7 55. hxg6 fxg6 56. Qb3+ Qc4 57. Qf3 Qc2+ 58. Kh3 Qc8+ 59. g4 b4 60. Qd5+ Kh7 61. Qf7 Qf8 62. Qc4 a5 63. Qe4 b3 64. Kg3 Qf7 65. f5 b2 66. Qh1+ Kg8 67. Qa8+ Bf8 68. e6 Qc7+ 0-1

[Event "AUT-chT 0607"]
[Site "Austria"]
[Date "2007.03.09"]
[Round "9.6"]
[White "Danner, Georg"]
[Black "Mussnig, Manfred"]
[Result "1-0"]
[WhiteElo "2421"]
[BlackElo "2160"]
[PlyCount "87"]
[EventDate "2006.11.03"]
[EventType "team"]
[EventRounds "11"]
[EventCountry "AUT"]
[SourceTitle "EXT 2008"]
[Source "ChessBase"]
[SourceDate "2007.11.25"]
[SourceVersion "1"]
[SourceVersionDate "2007.11.25"]
[SourceQuality "1"]
[WhiteTeam "Graz Styria"]
[BlackTeam "Leoben"]
[WhiteTeamCountry "AUT"]
[BlackTeamCountry "AUT"]

1. d4 d5 2. Nf3 Nf6 3. c4 c6 4. e3 Bf5 5. Nc3 e6 6. Nh4 Bg4 7. Qb3 Qb6 8. Qxb6 axb6 9. h3 Bh5 10. g4 Bg6 11. g5 Nfd7 12. cxd5 exd5 13. Nxg6 hxg6 14. f3 b5 15. e4 b4 16. Ne2 Nb6 17. Nf4 Bd6 18. e5 Be7 19. Rg1 c5 20. dxc5 Bxc5 21. Rg4 Nc6 22. Nd3 Be7 23. Kf2 Nd7 24. Be3 Ndxe5 25. Nxe5 Nxe5 26. Rd4 Nc4 27. Re1 Nxe3 28. Rxe3 Kf8 29. Rxd5 b6 30. Kg3 Bc5 31. Re4 Kg8 32. Bc4 Rh5 33. h4 Rf8 34. Rd7 Bg1 35. Rxf7 Rh8 36. Rd7+ Kh7 37. Ree7 Rhg8 38. Bd3 Re8 39. Rxe8 Rxe8 40. h5 Rf8 41. hxg6+ Kh8 42. Kg4 Be3 43. Bf5 Bc5 44. Be6 1-0

[Event "Jacques Lemans op 21st"]
[Site "St Veit"]
[Date "2002.07.11"]
[Round "6"]
[White "Eichert, Wolfgang"]
[Black "Mussnig, Manfred"]
[Result "0-1"]
[WhiteElo "2196"]
[BlackElo "2114"]
[PlyCount "30"]
[EventDate "2002.07.06"]
[EventType "swiss"]
[EventRounds "9"]
[EventCountry "AUT"]
[SourceTitle "CBM 089 Extra"]
[Source "ChessBase"]
[SourceDate "2002.09.10"]
[SourceVersion "2"]
[SourceVersionDate "2002.09.10"]
[SourceQuality "1"]

1. e4 d5 2. exd5 Qxd5 3. Nc3 Qa5 4. d4 Nf6 5. Nf3 c6 6. Bc4 Bf5 7. Bd2 e6 8. Nd5 Qd8 9. Nxf6+ Qxf6 10. Qe2 Bg4 11. d5 Bxf3 12. gxf3 cxd5 13. Bxd5 Nc6 14. 0-0-0 Ba3 15. Bc3 Qxc3 0-1

[Event "Jacques Lemans op 20th"]
[Site "St Veit"]
[Date "2001.07.??"]
[Round "?"]
[White "Mussnig, Manfred"]
[Black "Jahnel, Guenther"]
[Result "0-1"]
[WhiteElo "2107"]
[BlackElo "2260"]
[PlyCount "88"]
[EventDate "2001.07.07"]
[EventType "swiss"]
[EventRounds "9"]
[EventCountry "AUT"]
[SourceTitle "EXT 2004"]
[Source "ChessBase"]
[SourceDate "2003.11.25"]
[SourceVersion "1"]
[SourceVersionDate "2003.11.25"]
[SourceQuality "1"]

1. c4 g6 2. Nc3 Bg7 3. e4 e5 4. g3 d6 5. Bg2 Nc6 6. Nge2 Nge7 7. 0-0 0-0 8. d3 Nd4 9. Be3 c6 10. Rb1 Bg4 11. f3 Be6 12. b4 d5 13. cxd5 cxd5 14. a4 Rc8 15. Bxd4 exd4 16. Nb5 dxe4 17. fxe4 a6 18. Na3 Qd6 19. Nf4 Rc3 20. Nxe6 Qxe6 21. Nc4 b5 22. axb5 axb5 23. Na5 Bh6 24. Nb3 Nc6 25. Nc5 Qe7 26. Qg4 Ne5 27. Qe2 Be3+ 28. Kh1 Ra8 29. Ra1 Rca3 30. Rxa3 Rxa3 31. h3 Qa7 32. Qc2 Rc3 33. Qb1 Qa3 34. Rd1 Kg7 35. Kh2 h5 36. Kh1 Nc6 37. e5 Nxe5 38. Bd5 Qa7 39. Rf1 Kh6 40. Kg2 f5 41. Rd1 h4 42. gxh4 Qe7 43. Qa2 Qxh4 44. Qa8 Rc2+ 0-1

[Event "Jacques Lemans op 16th"]
[Site "St Veit"]
[Date "1996.??.??"]
[Round "7"]
[White "Mussnig, Manfred"]
[Black "Vokroj, Rene"]
[Result "0-1"]
[WhiteElo "1965"]
[BlackElo "2245"]
[PlyCount "210"]
[EventDate "1996.07.??"]
[EventType "swiss"]
[EventRounds "9"]
[EventCountry "AUT"]
[SourceTitle "EXT 1999"]
[Source "ChessBase"]
[SourceDate "1998.11.16"]
[SourceVersion "1"]
[SourceVersionDate "1998.11.16"]
[SourceQuality "1"]

1. e4 d6 2. d4 Nf6 3. Nc3 c6 4. f3 Nbd7 5. Be3 e5 6. Bc4 Be7 7. Qd2 0-0 8. Bb3 b5 9. Nce2 d5 10. dxe5 Nxe5 11. Bd4 Nc4 12. Bxc4 bxc4 13. exd5 Nxd5 14. f4 Re8 15. Nf3 Bb4 16. c3 Bd6 17. 0-0 f6 18. Bf2 Qc7 19. Bg3 Rb8 20. Kh1 Qb7 21. b3 cxb3 22. axb3 Qxb3 23. Rfd1 Qc4 24. Ned4 Nxc3 25. Rdc1 Bb4 26. Rxa7 c5 27. Nc6 Rb7 28. Rxb7 Bxb7 29. Nxb4 cxb4 30. Qd4 Qxd4 31. Nxd4 Ne2 32. Rc7 Nxg3+ 33. hxg3 Bd5 34. Nf5 Kf8 35. Rc5 Bf7 36. Rb5 b3 37. Kg1 Rd8 38. Kf2 Be6 39. Ne3 Rd2+ 40. Ke1 Ra2 41. f5 b2 42. Nd1 Bxf5 43. Nxb2 Be4 44. Kf2 h5 45. Rb4 Ba8 46. Rb3 Kf7 47. Rb4 Ke6 48. Kf1 g5 49. Rb5 Bd5 50. Rb8 Kf5 51. Rb5 Ke5 52. Rb4 Kd6 53. Rb8 Ra3 54. Kf2 Rc3 55. Rd8+ Ke6 56. Re8+ Kf5 57. Re2 Bb3 58. Rd2 Rc2 59. Rxc2 Bxc2 60. Nc4 Ke4 61. Ne3 Bb3 62. Nf1 Kd3 63. Ne3 Be6 64. Kf3 Bd7 65. Kf2 Ke4 66. Nf1 Bb5 67. Ne3 f5 68. Nd1 Bd7 69. Ne3 Ba4 70. Nf1 g4 71. Nd2+ Kd4 72. Nf1 Bc2 73. Ne3 Bd3 74. Nd1 Be4 75. Ne3 Bd3 76. Nd1 Ke4 77. Nc3+ Ke5 78. Nd1 Kf6 79. Ne3 Kg5 80. Nd1 h4 81. gxh4+ Kxh4 82. Nb2 Bb5 83. Nd1 f4 84. Nc3 Bc6 85. Ne2 Kg5 86. Nd4 g3+ 87. Kf1 Bd5 88. Kg1 Kf6 89. Ne2 Ke5 90. Nc3 Bc6 91. Ne2 Ke4 92. Nc3+ Kd3 93. Nb1 Bb5 94. Na3 Ba6 95. Nb1 Kc2 96. Na3+ Kb2 97. Kh1 Kxa3 98. Kg1 Kb2 99. Kh1 Kc2 100. Kg1 Kd2 101. Kh1 Ke1 102. Kg1 Bb7 103. Kh1 f3 104. gxf3 Bxf3+ 105. Kg1 g2 0-1